ছন্দ-জিজ্ঞাসা / (Record no. 76755)
[ view plain ]
| 000 -LEADER | |
|---|---|
| fixed length control field | 00817nam a2200217 4500 |
| 001 - CONTROL NUMBER | |
| control field | 76755 |
| 003 - CONTROL NUMBER IDENTIFIER | |
| rucl marc code | BD-RjUL |
| 005 - DATE AND TIME OF LATEST TRANSACTION | |
| control field | 20211209082900.0 |
| 008 - FIXED-LENGTH DATA ELEMENTS--GENERAL INFORMATION | |
| fixed length control field | 200118s1974 ii ||||| |||| 00| 0dben d |
| 035 ## - SYSTEM CONTROL NUMBER | |
| System control number | (BD-RjUL)76979 |
| 040 ## - CATALOGING SOURCE | |
| Original cataloging agency | BD-RjUL |
| Language of cataloging | eng |
| Transcribing agency | BD-RjUL |
| 041 ## - LANGUAGE CODE | |
| Language code of text/sound track or separate title | eng |
| 082 ## - DEWEY DECIMAL CLASSIFICATION NUMBER | |
| Edition number | 23 |
| Classification number | 891.44109 |
| Author mark and year | SEC 1974 |
| 100 1# - MAIN ENTRY--PERSONAL NAME | |
| Personal name | সেন, প্রবোধচন্দ্র |
| 9 (RLIN) | 237747 |
| 245 10 - TITLE STATEMENT | |
| Title | ছন্দ-জিজ্ঞাসা / |
| Statement of responsibility, etc. | প্রবোধচন্দ্র সেন |
| 260 ## - PUBLICATION, DISTRIBUTION, ETC. (IMPRINT) | |
| Place of publication, distribution, etc. | কলিকাতা: |
| Name of publisher, distributor, etc. | জিজ্ঞাসা, |
| Date of publication, distribution, etc. | ১৯৭৪ |
| 300 ## - PHYSICAL DESCRIPTION | |
| Pagination | [১৫], ৫০২ পৃ |
| Size | ২২ সেমি. |
| 650 ## - SUBJECT ADDED ENTRY--TOPICAL TERM | |
| Topical term or geographic name as entry element | বাংলা কবিতা |
| General subdivision | ইতিহাস ও সমালোচনা |
| 9 (RLIN) | 237770 |
| Topical term or geographic name as entry element | Bengali Poetry |
| General subdivision | History and Criticism |
| 9 (RLIN) | 237771 |
| 942 ## - ADDED ENTRY ELEMENTS (KOHA) | |
| Source of classification or shelving scheme | Dewey Decimal Classification |
| Koha item type | Books |
| Lost status | Source of classification or shelving scheme | Damaged status | Not for loan | Collection code | Permanent Location | Current Location | Shelving location | Date acquired | Source of acquisition | Cost, normal purchase price | Total Checkouts | Full call number | Date last seen | Copy number | Koha item type |
|---|---|---|---|---|---|---|---|---|---|---|---|---|---|---|---|
| Dewey Decimal Classification | Not For Loan | Rare Books | Central Library, University of Rajshahi | Central Library, University of Rajshahi | Rare Book Section | 18/01/2020 | Culcutta, K. P. Bagchi | 30.00 | BRA 891.44109 SEC 1974 | 18/01/2020 | C-1 | Rare Books |